banner-ar

فيضالمنان فى دولة ال عثمان / (Record no. 61590)

MARC details
000 -الفاتح
حقل البيانات ثابتة الطول 01072nam a22002417a 4500
005 - وقت وتاريخ اخر تعامل مع التسجيلة
رقم الضبط 20240530110507.0
008 - عناصر البيانات ثابتة الطول - معلومات عامة
حقل البيانات ثابتة الطول 151012s2010 ua f 000 0 ara d
017 ## - رقم الايداع القانونى
رقم الايداع القانونى 2011/2933
المصدر ( الهيئة المختصة) مصر . دار الكتب المصرية
020 ## - الرقم الدولى المعيارى للكتب
الرقم الدولى المعيارى للكتاب 9789773143864
040 ## - مصدر الفهرسة
وكالة الفهرسة الأصلية EG-CaGPL
082 04 - رقم تصنيف ديوى العشرى
رقم الطبعة 21
رقم التصنيف 953.0962
رقم المادة ق/م ف
100 0# - المدخل الرئيسى - إسم شخصى
الإسم الشخصى محمد بن ابى السرور الصديقى البكرى .
245 10 - بيان العنوان
العنوان فيضالمنان فى دولة ال عثمان /
بيان المسئوليه,etc تاليف محمد بن ابى السرور الصديقى البكرى ؛ تحقيق عبدالرازق عبدالرازق عيسى .
250 ## - بيان الطبعة
بيان الطبعة ط1.
260 ## - PUBLICATION, DISTRIBUTION, ETC. (IMPRINT)
تاريخ النشر أو التوزيع 2010 .
300 ## - الوصف المادى
التعداد 501 ص ؛
أبعاد الوعاء 24 سم .
650 04 - المدخل الاضافى بالموضوع-مصطلح موضوعى
مصطلح موضوعي الامبراطورية العثمانية .
650 04 - المدخل الاضافى بالموضوع-مصطلح موضوعى
مصطلح موضوعي الامبراطورية العثمانية
التقسيم الفرعي الجغرافي مصر .
651 04 - المدخل الاضافى بالموضوع - اسم جغرافى
الاسم الجغرافي مصر
التقسيم الفرعي العام تاريخ
التقسيم الفرعي الزمني العصر العثمانى .
700 0# - المدخل الاضافى - اسم شخصى
الإسم الشخصى عبدالرازق عبدالرازق عيسى
الدور محقق .
942 ## - عناصر المدخل الإضافي( كوها)
مصدر التصنيف او مخطط الترفيف Dewey Decimal Classification
Koha [default] item type كتاب
260 ## - PUBLICATION, DISTRIBUTION, ETC. (IMPRINT)
-- القاهرة :
-- مكتبة زهراء الشرق ،
Holdings
حالة التراجع حالة الفقد حالة تلف ليس للاعارة المكان المؤقت الموقع الحالى تاريخ الاكتساب اجمالي اﻻعارات رقم الطلب الباركود تاريخ اخر مشاهدة تاريخ تفعيل السعر نوع وعاء كوها
        مكتبة القاهرة الكبرى مكتبة القاهرة الكبرى 10/12/2015   953.0962 ق/م ف 160917 10/12/2015 10/12/2015 كتاب

Powered By

EGPV